000
00294nam a22001337a 4500
008
181126b xxu||||| |||| 00| 0 eng d
020
_a
070425809
041
_a
eng
080
_a
610.073
100
_a
3
101
_a
INF
245
_a
Concepts Basic To Nursing
_c
Pamela.H
942
_2
udc
_c
BK
999
_c
52479
_d
52479